| 000 | 00528nam a2200181 a 4500 | ||
|---|---|---|---|
| 005 | 20240924071112.0 | ||
| 008 | 991125s1968 mx 000 0 spa u | ||
| 035 | _aUPN01000007323 | ||
| 049 | _aCG | ||
| 050 | 4 |
_aPQ6426 A1 _bR6.2 |
|
| 100 | 1 |
_aRojas, Fernando de, _dca. 1465-1541 _930406 |
|
| 245 | 1 | 3 |
_aLa celestina / _cFernando de Rojas ; pról. Manuel de Ezcurdia. |
| 260 |
_aMéxico : _bPorrúa, _c1968. |
||
| 300 | _axxxii, 175 p. | ||
| 440 | 0 |
_aSepan cuantos ; _v88 |
|
| 650 | 4 |
_aLiteratura española _95069 |
|
| 905 | _aLibro | ||
| 999 |
_c7323 _d7323 |
||